000 00512nam a2200193Ia 4500
001 13186
003 GE_BSU
008 181216s||||||||xx |||||||||||||| ||und||
040 _cGE_BSU
080 _a631.8(035)
245 _aСправочник по удобрениям
245 _cРед.В.Р.Минекова
260 _aМосква
260 _bКолос
260 _c1964
300 _a720стр.22см.
653 _aКраткий справочник по удобрениям
942 _cBK
999 _c46350
_d46350